[Event "Chigorin Memorial 2016"]
[Site "St Petersburg RUS"]
[Date "2016.10.21"]
[Round "7.21"]
[White "Khanin, Semen"]
[Black "Burmakin, Vladimir"]
[Result "1-0"]
[WhiteTitle "IM"]
[BlackTitle "GM"]
[WhiteElo "2397"]
[BlackElo "2545"]
[WhiteFideId "4111990"]
[BlackFideId "4105109"]
[EventDate "2016.10.15"]

1. e4 c6 2. d4 d5 3. Nd2 dxe4 4. Nxe4 Nf6 5. Nxf6+ exf6 6. c3 Bd6 7. Bd3 Be6 8.
Ne2 Qc7 9. Ng3 O-O 10. Qc2 h6 11. O-O Nd7 12. f4 Nb6 13. c4 c5 14. d5 Bc8 15.
Bd2 Re8 16. h3 Nd7 17. a4 Nf8 18. Nh5 Qd8 19. Bc3 a6 20. Rf3 1-0

[Event "Chigorin Memorial 2016"]
[Site "St Petersburg RUS"]
[Date "2016.10.21"]
[Round "7.28"]
[White "Huzman, Alexander"]
[Black "Gevorgyan, David Sh."]
[Result "1-0"]
[WhiteTitle "GM"]
[BlackTitle "IM"]
[WhiteElo "2577"]
[BlackElo "2335"]
[WhiteFideId "2803828"]
[BlackFideId "13303244"]
[EventDate "2016.10.15"]

1. Nf3 Nf6 2. c4 e6 3. g3 d5 4. d4 dxc4 5. Bg2 Nc6 6. Qa4 Bb4+ 7. Bd2 Nd5 8.
Bxb4 Nxb4 9. O-O Rb8 10. Nc3 a6 11. Ne5 O-O 12. Nxc6 Nxc6 13. Bxc6 bxc6 14. Qxc4
Rxb2 15. Rab1 Rb6 16. Na4 Rxb1 17. Rxb1 e5 18. dxe5 Be6 19. Qc2 Qd5 20. Nc5 Qxe5
21. Rd1 Bg4 22. f3 Bc8 23. Kf2 Re8 24. e4 h6 25. h4 a5 26. Rd3 Be6 27. f4 Qa1
28. Nxe6 Rxe6 29. Rd8+ Kh7 30. e5+ g6 31. Rd1 1-0

[Event "Chigorin Memorial 2016"]
[Site "St Petersburg RUS"]
[Date "2016.10.21"]
[Round "7.34"]
[White "Borisovsky, Dmitry"]
[Black "Levin, Evgeny A."]
[Result "0-1"]
[WhiteTitle "FM"]
[BlackTitle "GM"]
[WhiteElo "2335"]
[BlackElo "2505"]
[WhiteFideId "34109410"]
[BlackFideId "4182596"]
[EventDate "2016.10.15"]

1. e4 c5 2. Nf3 e6 3. d4 cxd4 4. Nxd4 a6 5. Nc3 Qc7 6. g3 Bb4 7. Ne2 Be7 8. Bg2
Nf6 9. O-O Nc6 10. a4 O-O 11. h3 Rb8 12. g4 d6 13. Ng3 b5 14. axb5 axb5 15. g5
Nd7 16. f4 b4 17. Nce2 Re8 18. b3 Bf8 19. Bb2 Bb7 20. h4 Rbc8 21. Qd2 Ne7 22.
Rac1 d5 23. f5 dxe4 24. fxe6 fxe6 25. Nf4 Nf5 26. Nxf5 exf5 27. g6 hxg6 28. Nxg6
Qb6+ 29. Kh1 Qxg6 30. Qxd7 Qg4 31. Rxf5 Qxh4+ 32. Kg1 Qe7 33. Qxe7 Bxe7 34. Bd4
Red8 35. Bf2 Rd2 36. Re5 Bd6 37. Rb5 Bc6 38. Ra5 e3 0-1

[Event "Chigorin Memorial 2016"]
[Site "St Petersburg RUS"]
[Date "2016.10.21"]
[Round "7.42"]
[White "Korchmar, Vasiliy"]
[Black "Iljin, Timofey"]
[Result "0-1"]
[WhiteTitle "IM"]
[BlackTitle "IM"]
[WhiteElo "2412"]
[BlackElo "2279"]
[WhiteFideId "24131750"]
[BlackFideId "14110180"]
[EventDate "2016.10.15"]

1. d4 Nf6 2. c4 e6 3. Nc3 Bb4 4. e3 d5 5. Nf3 O-O 6. Bd3 b6 7. O-O Ba6 8. cxd5
Bxd3 9. Qxd3 exd5 10. a3 Bxc3 11. bxc3 Nc6 12. c4 Na5 13. Ne5 c5 14. Bb2 Rc8 15.
Rac1 cxd4 16. Bxd4 dxc4 17. Nxc4 Nc6 18. Rfd1 Nxd4 19. exd4 Nd5 20. Qf3 Qd7 21.
Ne5 Qe6 22. Re1 f6 23. Nd3 Rxc1 24. Rxc1 Re8 25. g3 Qe4 26. Qxe4 Rxe4 27. Nb4
Nxb4 28. axb4 Kf7 29. Rd1 Ke8 30. Kg2 Kd7 31. Kf3 Re7 32. Ra1 0-1

[Event "Chigorin Memorial 2016"]
[Site "St Petersburg RUS"]
[Date "2016.10.21"]
[Round "7.44"]
[White "Palachev, Petr"]
[Black "Nesterov, Arseniy"]
[Result "1-0"]
[WhiteTitle "FM"]
[WhiteElo "2408"]
[BlackElo "2214"]
[WhiteFideId "24129003"]
[BlackFideId "24198455"]
[EventDate "2016.10.15"]

1. Nf3 d5 2. g3 Nf6 3. Bg2 Bf5 4. O-O e6 5. c4 c6 6. Qb3 Qb6 7. d3 Nbd7 8. Be3
Bc5 9. Bxc5 Nxc5 10. Qa3 O-O 11. Nbd2 h6 12. Rfc1 Ncd7 13. Qc3 Bh7 14. b4 Rfe8
15. Rab1 Rad8 16. Rb2 e5 17. cxd5 cxd5 18. e3 Qe6 19. Qb3 Nb6 20. Rbc2 d4 21. e4
Qxb3 22. Nxb3 Na4 23. Nc5 Nc3 24. Nxb7 Rb8 25. Nd6 Re7 26. Nc4 Nd7 27. a3 f5 28.
exf5 Bxf5 29. Bf1 Bg4 30. Nfd2 Nb6 31. Re1 Nxc4 32. Nxc4 Rb5 33. f4 g5 34. Rxe5
Rexe5 35. Nxe5 Bd1 36. Rc1 a5 37. Nc6 axb4 38. axb4 gxf4 39. Nxd4 Rxb4 40. Ne6
fxg3 41. Rxc3 Bg4 42. Rc6 Kf7 43. Nc7 Rb1 44. Rc4 Bf5 45. Rf4 gxh2+ 46. Kxh2 Kg6
47. Nd5 Kg5 48. Rf2 Rb3 49. Rg2+ Kh4 50. Ne7 Bh7 51. Ng6+ Bxg6 52. Rxg6 h5 53.
Rd6 Kg5 54. Bg2 Kf4 55. Be4 1-0

[Event "Chigorin Memorial 2016"]
[Site "St Petersburg RUS"]
[Date "2016.10.21"]
[Round "7.50"]
[White "Azimov, Ilyas"]
[Black "Gubajdullin, Alexei"]
[Result "1-0"]
[BlackTitle "FM"]
[WhiteElo "2151"]
[BlackElo "2367"]
[WhiteFideId "24175226"]
[BlackFideId "4141202"]
[EventDate "2016.10.15"]

1. d4 Nf6 2. Nf3 c5 3. d5 b5 4. c4 Bb7 5. Qc2 Na6 6. Nc3 Qa5 7. Bd2 bxc4 8. e4
Nb4 9. Qb1 Nd3+ 10. Bxd3 cxd3 11. e5 Ng4 12. Qxd3 Qa6 13. Nb5 Rc8 14. a4 f6 15.
Bc3 fxe5 16. Nxe5 Nf6 17. O-O Nxd5 18. Rfe1 Nf6 19. Nxd7 Nxd7 20. Nd6+ Kd8 21.
Ba5+ Rc7 22. Bxc7+ Kxc7 23. Nb5+ Kd8 24. Rad1 Qc6 25. Qg3 1-0

[Event "Chigorin Memorial 2016"]
[Site "St Petersburg RUS"]
[Date "2016.10.21"]
[Round "7.121"]
[White "Tsvetkov, Andrey"]
[Black "Semenenko, Sergey"]
[Result "1-0"]
[WhiteTitle "CM"]
[WhiteElo "1992"]
[BlackElo "2184"]
[WhiteFideId "34139360"]
[BlackFideId "4173767"]
[EventDate "2016.10.15"]

1. d4 Nf6 2. c4 e6 3. Nc3 Bb4 4. e3 c5 5. Ne2 cxd4 6. exd4 d5 7. a3 Bxc3+ 8.
Nxc3 dxc4 9. Bxc4 Nc6 10. Be3 O-O 11. O-O b6 12. Qd2 Bb7 13. Rad1 Na5 14. Bd3
Nd5 15. Bg5 Qd7 16. Rfe1 Rac8 17. Bb5 Bc6 18. Ba6 Nxc3 19. bxc3 Qd5 20. Bf1 Nc4
21. Qc1 f6 22. Bf4 Rfe8 23. Rd3 Bb7 24. Rg3 Re7 25. Bd3 f5 26. h4 Rf7 27. h5 b5
28. Be2 Qd7 29. Bxc4 Rxc4 30. Be5 Rc8 31. Qf4 Re8 32. Ree3 Ree7 33. Rg5 Qe8 34.
Reg3 Bd5 35. Qh4 f4 36. Bxf4 Rf5 37. Rxf5 exf5 38. Be5 Rf7 39. Qf4 Be6 40. Qh6
Qe7 41. Bxg7 Rxg7 42. Rxg7+ Qxg7 43. Qxe6+ Qf7 44. Qxf7+ Kxf7 45. Kh2 Kf6 46.
Kg3 Kg5 47. d5 f4+ 48. Kf3 Kf5 49. d6 Ke6 50. Kxf4 Kxd6 51. Ke4 1-0

[Event "Chigorin Memorial 2016"]
[Site "St Petersburg RUS"]
[Date "2016.10.22"]
[Round "8.36"]
[White "Tishova, Svetlana"]
[Black "Gabrielian, Artur"]
[Result "0-1"]
[WhiteTitle "FM"]
[BlackTitle "GM"]
[WhiteElo "2317"]
[BlackElo "2524"]
[WhiteFideId "24173550"]
[BlackFideId "4131002"]
[EventDate "2016.10.15"]

1. e4 c5 2. Nf3 d6 3. Bb5+ Nd7 4. O-O Nf6 5. Re1 a6 6. Bd3 g6 7. c3 Bg7 8. Bc2
O-O 9. d4 e5 10. a4 exd4 11. cxd4 cxd4 12. Qxd4 Qc7 13. Nc3 Re8 14. Qd1 Ne5 15.
Nxe5 dxe5 16. Bb3 Bg4 17. f3 Rad8 18. Qc2 Bc8 19. Be3 Rd6 20. a5 Be6 21. Bxe6
Rexe6 22. Rec1 Rc6 23. b4 Red6 24. Bc5 Rd7 25. Qb2 Bf8 26. Bxf8 Kxf8 27. b5 Rc4
28. bxa6 Qc5+ 29. Qf2 bxa6 30. Qxc5+ Rxc5 31. Na4 Rb5 32. Nb6 Rd3 33. Rc6 Nh5
34. Nd5 Rd2 35. Kh1 Rxa5 36. Rg1 Nf4 37. Nc7 Nd3 38. h3 Rda2 39. Rb1 Ra1 40. Rb6
Nf4 41. Kh2 Rxb1 42. Rxb1 Ra2 43. Kh1 Rxg2 44. Nxa6 Rg3 45. Rb3 Rxh3+ 46. Kg1
Rg3+ 47. Kh2 Rg2+ 48. Kh1 Rd2 49. Nb4 Kg7 50. Nc6 f6 51. Rb7+ Kh6 0-1

[Event "Chigorin Memorial 2016"]
[Site "St Petersburg RUS"]
[Date "2016.10.22"]
[Round "8.51"]
[White "Cherednichenko, Dmitrij"]
[Black "Kazakovskiy, Valeriy"]
[Result "0-1"]
[WhiteTitle "FM"]
[BlackTitle "IM"]
[WhiteElo "2231"]
[BlackElo "2399"]
[WhiteFideId "44111436"]
[BlackFideId "13507443"]
[EventDate "2016.10.15"]

1. d4 Nf6 2. c4 e6 3. Nc3 Bb4 4. e3 c5 5. Ne2 cxd4 6. exd4 d5 7. a3 Be7 8. Nf4
dxc4 9. Bxc4 a6 10. d5 Qc7 11. Ba2 e5 12. Nh5 Nxh5 13. Qxh5 O-O 14. O-O Nd7 15.
f4 Nf6 16. Qxe5 Bd6 17. Qe2 Re8 18. Qc2 Ne4 19. Qxe4 Rxe4 20. Nxe4 Qb6+ 21. Kh1
Bf8 22. f5 Qd4 23. Ng3 Bd7 24. Rb1 Bb5 25. Rg1 Bc5 26. Bg5 Qg4 27. Rgc1 Bd6 28.
Bd2 Bd3 29. Ra1 Bxg3 30. hxg3 Qh5+ 31. Kg1 Qe2 32. Re1 Qxd2 33. Rad1 Qc2 0-1

[Event "Chigorin Memorial 2016"]
[Site "St Petersburg RUS"]
[Date "2016.10.22"]
[Round "8.53"]
[White "Tologontegin, Semetey"]
[Black "Utiatskaja, Irina"]
[Result "1-0"]
[WhiteTitle "IM"]
[BlackTitle "WIM"]
[WhiteElo "2371"]
[BlackElo "2123"]
[WhiteFideId "13800574"]
[BlackFideId "24140848"]
[EventDate "2016.10.15"]

1. Nf3 d5 2. g3 Bg4 3. Bg2 Nd7 4. h3 Bh5 5. c4 e6 6. cxd5 exd5 7. O-O Ngf6 8.
Nc3 Be7 9. d3 Bxf3 10. Bxf3 c6 11. Bg2 O-O 12. e4 dxe4 13. dxe4 Ne5 14. Qc2 Qd3
15. Qb3 Bc5 16. Bf4 Nfd7 17. Rad1 Qa6 18. Kh1 b5 19. Bc1 Nb6 20. f4 Nec4 21. e5
Rac8 22. Ne4 Be7 23. a3 Nd5 24. Qf3 Kh8 25. Rd3 Qb6 26. b3 Nxa3 27. f5 f6 28.
exf6 gxf6 29. g4 Nc2 30. g5 Ncb4 31. Rdd1 fxg5 32. Bb2+ Bf6 33. Nxf6 Nxf6 34.
Rd6 Nd5 35. Qg3 Qc7 36. Bxd5 cxd5 37. Rxf6 1-0

[Event "Chigorin Memorial 2016"]
[Site "St Petersburg RUS"]
[Date "2016.10.22"]
[Round "8.67"]
[White "Gevorgyan, David Sh."]
[Black "Konaplev, Anton"]
[Result "1/2-1/2"]
[WhiteTitle "IM"]
[WhiteElo "2335"]
[BlackElo "2185"]
[WhiteFideId "13303244"]
[BlackFideId "24165646"]
[EventDate "2016.10.15"]

1. d4 Nf6 2. c4 e6 3. Nc3 Bb4 4. e3 O-O 5. Ne2 d5 6. a3 Bd6 7. c5 Be7 8. b4 c6
9. Bb2 Nbd7 10. Ng3 b6 11. Be2 a5 12. O-O Ba6 13. Bxa6 Rxa6 14. Qe2 Ra8 15. Rfd1
Qc7 16. f3 axb4 17. axb4 bxc5 18. bxc5 g6 19. Rxa8 Rxa8 20. Ra1 Rxa1+ 21. Bxa1
e5 22. Qa6 exd4 23. exd4 Nf8 24. Nge2 Ne6 25. Bb2 Nd7 26. Bc1 Kg7 27. Be3 Nd8
28. Bf4 Qb7 29. Qxb7 Nxb7 30. Bc7 Nf8 31. Kf2 Ne6 32. Bb6 Bf6 33. Ke3 Kf8 34.
Na2 Ke7 35. Nb4 Kd7 36. g4 Bg7 37. f4 Bf6 38. Nd3 Nbd8 39. g5 Bh8 40. h4 f6 41.
Bxd8 Kxd8 42. Nf2 f5 43. Nh1 Ng7 44. Nhg3 Kc7 45. Ng1 Kc8 46. Nf3 Kc7 47. h5 Ne6
48. h6 Kd7 49. Ne2 Ke7 50. Nc1 Nd8 51. Kd3 Nf7 52. Kd2 Kd7 53. Kc3 Kc7 54. Kb4
Kc8 55. Ka4 Kc7 56. Kb4 Kc8 57. Kb3 Kc7 58. Kc2 Kc8 59. Kd1 Kc7 60. Ke2 Kc8 61.
Ke3 Kc7 62. Ne1 Nd8 63. Ng2 Kd7 64. Nh4 Ke7 65. Nd3 Kf7 66. Nf3 Ke7 67. Nh4 Kf7
68. Kd2 Kf8 69. Ke3 Kf7 70. Ne1 Ke7 71. Nc2 Kd7 72. Nb4 Kc8 73. Nd3 Kc7 74. Ne5
Bxe5 75. fxe5 Kd7 76. Kd3 Nf7 77. Nf3 Nd8 78. Nh4 Nf7 79. Nf3 Nd8 80. Kc3 Ne6
81. Kb4 Kc7 82. Ka4 Kc8 83. Kb4 Kc7 84. Ka5 Kb7 85. Kb4 Kc7 86. Ka4 Kc8 1/2-1/2

[Event "Chigorin Memorial 2016"]
[Site "St Petersburg RUS"]
[Date "2016.10.23"]
[Round "9.24"]
[White "Gabrielian, Artur"]
[Black "Palachev, Petr"]
[Result "1/2-1/2"]
[WhiteTitle "GM"]
[BlackTitle "FM"]
[WhiteElo "2524"]
[BlackElo "2408"]
[WhiteFideId "4131002"]
[BlackFideId "24129003"]
[EventDate "2016.10.15"]

1. e4 e6 2. d4 d5 3. Nc3 Nf6 4. e5 Nfd7 5. f4 c5 6. Nf3 Be7 7. Be3 b6 8. Qd2 Nc6
9. Be2 O-O 10. g3 cxd4 11. Nxd4 Nxd4 12. Bxd4 Bb7 13. Rf1 Nb8 14. Be3 Nc6 15.
Nb5 Rc8 16. c3 Qd7 17. Nd4 Nxd4 18. Bxd4 Bc6 19. O-O-O Bb5 20. g4 Bxe2 21. Qxe2
f5 22. exf6 Bxf6 23. Rfe1 Rc6 24. h3 b5 25. Kb1 a6 26. a3 Bh4 27. Rf1 Bf6 28.
Bg1 Rd8 29. Rf3 Qf7 30. Bh2 Qd7 31. Rfd3 Qf7 32. Qf3 Rcd6 33. Qe2 Rc6 34. Qg2
Rc4 35. f5 exf5 36. gxf5 Qh5 37. Rxd5 Re8 38. Ka2 Rh4 39. R1d3 Rhe4 40. Rd2 Re3
41. Bg1 Rxh3 42. Bd4 Bxd4 43. f6 Qf7 44. Rxd4 Rh5 45. fxg7 Rxd5 46. Rxd5 Rd8 47.
c4 Rxd5 48. cxd5 Qxg7 49. Qe4 Qd7 50. Qe5 Kf7 51. Kb3 Qg4 52. Qc7+ Ke8 53. Qb8+
Kd7 54. Qb7+ Kd8 55. Qb6+ Kd7 56. Qb7+ Kd8 1/2-1/2

[Event "Chigorin Memorial 2016"]
[Site "St Petersburg RUS"]
[Date "2016.10.23"]
[Round "9.63"]
[White "Bronstein, Or"]
[Black "Kuznetsov, Felix"]
[Result "1-0"]
[WhiteTitle "FM"]
[WhiteElo "2348"]
[BlackElo "2200"]
[WhiteFideId "2815770"]
[BlackFideId "34147990"]
[EventDate "2016.10.15"]

1. c4 e6 2. Nc3 b6 3. Nf3 Bb7 4. e4 c5 5. d4 cxd4 6. Nxd4 Bb4 7. Nb5 Bxe4 8. Bf4
Na6 9. c5 Nxc5 10. Bd6 f5 11. Qd4 Bxc3+ 12. bxc3 Kf7 13. Bc7 Qe7 14. Be2 Bc6 15.
Nd6+ Kg6 16. Nc4 h5 17. Ne5+ Kh6 18. Qe3+ Kh7 19. Bxh5 Nh6 20. Ng6 Qe8 21. Qe2
Qc8 22. Ne7 1-0

[Event "Chigorin Memorial 2016"]
[Site "St Petersburg RUS"]
[Date "2016.10.23"]
[Round "9.73"]
[White "Ibadov, Dashgyn"]
[Black "Golikov, Daniil"]
[Result "1/2-1/2"]
[WhiteTitle "FM"]
[WhiteElo "2294"]
[BlackElo "2114"]
[WhiteFideId "24107514"]
[BlackFideId "24170623"]
[EventDate "2016.10.15"]

1. e4 e6 2. d4 d5 3. Nd2 c5 4. exd5 exd5 5. Ngf3 Nc6 6. Bb5 Bd6 7. dxc5 Bxc5 8.
O-O Ne7 9. Nb3 Bd6 10. Re1 O-O 11. Bd3 h6 12. h3 Bc7 13. Be3 Nf5 14. Bc5 Re8 15.
Nbd4 Nfxd4 16. Nxd4 Rxe1+ 17. Qxe1 Ne5 18. Bf5 b6 19. Bb4 Bxf5 20. Nxf5 Qg5 21.
Ne7+ Kh8 22. Qe3 Rd8 23. Qxg5 hxg5 24. Rd1 d4 25. Nf5 Nc6 26. Ba3 g6 27. Ng3
Bxg3 28. fxg3 g4 29. b3 gxh3 30. gxh3 Kg8 31. Kf2 Rd5 32. Bb2 Kf8 33. Rd2 Ke7
34. g4 Ke6 35. Kg3 Ra5 36. a4 Rc5 37. h4 f6 38. Re2+ Re5 39. Kf3 f5 40. g5 Rxe2
41. Kxe2 f4 42. Bc1 Kf5 43. Bd2 Ne5 44. a5 bxa5 45. Bxa5 Kg4 46. Bd2 f3+ 47. Kf2
Kxh4 48. Bf4 d3 49. c4 Kg4 50. Bd2 Kf5 51. Kg3 Ke4 52. Kf2 Ng4+ 53. Kg3 Ne3 54.
Kf2 Nd1+ 55. Kg3 f2 56. Kg2 Kd4 57. Kf1 a5 58. Kg2 a4 59. bxa4 Kxc4 60. a5 Kb5 1/2-1/2

[Event "Chigorin Memorial 2016"]
[Site "St Petersburg RUS"]
[Date "2016.10.23"]
[Round "9.116"]
[White "Zaykov, Sergey"]
[Black "Dushin, Nikolay"]
[Result "1-0"]
[WhiteElo "2131"]
[BlackElo "1948"]
[WhiteFideId "4143906"]
[BlackFideId "4114612"]
[EventDate "2016.10.15"]

1. Nf3 d5 2. g3 g6 3. Bg2 Bg7 4. d3 Nc6 5. O-O e5 6. Nbd2 Nge7 7. e4 d4 8. a4 h5
9. Nc4 f6 10. c3 g5 11. Qb3 h4 12. cxd4 Nxd4 13. Nxd4 Qxd4 14. Be3 Qd7 15. a5 a6
16. Na3 Nc6 17. Nc2 Bf8 18. f4 hxg3 19. hxg3 gxf4 20. gxf4 Qg7 21. f5 Rg8 22.
Rf2 Bd6 23. Kf1 Rh8 24. Bf3 Qg3 25. Ke2 Bd7 26. Rg2 Rh2 27. Rg1 O-O-O 28. Rxh2
Qxh2+ 29. Rg2 Qh7 30. Qc3 Rh8 31. Qe1 Be8 32. Qg1 Bf8 33. Bd2 Kb8 34. Bc3 Bf7
35. Ne3 Bc5 36. Rg7 Bxe3 37. Rxh7 Rxh7 38. Kxe3 b5 39. axb6 cxb6 40. d4 b5 41.
d5 Ne7 42. Kd2 Nc8 43. Ba5 1-0

[Event "Chigorin Memorial 2016"]
[Site "St Petersburg RUS"]
[Date "2016.10.23"]
[Round "9.174"]
[White "Kirianova, Evgeniia"]
[Black "Bulsoev, Alexander"]
[Result "0-1"]
[WhiteElo "1219"]
[BlackElo "1462"]
[WhiteFideId "54163838"]
[BlackFideId "44122276"]
[EventDate "2016.10.15"]

1. c4 c5 2. Nc3 Nf6 3. g3 e6 4. Bg2 Nc6 5. Nf3 Be7 6. O-O d5 7. b3 d4 8. Na4 Qc7
9. Nb2 e5 10. Qc2 Nb4 11. Qd1 Bf5 12. d3 O-O 13. a3 Nc6 14. Nh4 Be6 15. f4 exf4
16. Bxf4 Bd6 17. Bg5 Ng4 18. e4 dxe3 19. h3 Nf2 20. Qf3 Nxh3+ 21. Bxh3 Bxh3 22.
Bh6 Nd4 23. Qh5 gxh6 24. Qxh6 Be5 25. g4 Ne2+ 26. Kh1 Ng3+ 27. Kg1 Ne2+ 28. Kh1
Qc6+ 29. Rf3 Qxh6 30. Rxh3 Qc6+ 31. Rf3 Bxb2 32. Rf1 Nd4 33. Nf5 Nxf5 34. gxf5
e2 35. Rg1+ Kh8 36. Kg2 Rg8+ 37. Kf2 Qxf3+ 38. Kxf3 Rxg1 39. Kxe2 Bxa3 40. f6 h5
41. d4 h4 42. dxc5 h3 43. c6 bxc6 44. b4 h2 45. c5 h1=Q 46. b5 Re8+ 47. Kd2 Qd5+
48. Kc2 Re2+ 49. Kc3 Rc1# 0-1